Housing for all : (Record no. 7500)
[ view plain ]
| 000 -LEADER | |
|---|---|
| fixed length control field | 00614nam a22001932 4500 |
| 001 - CONTROL NUMBER | |
| control field | 0000007364 |
| 005 - DATE AND TIME OF LATEST TRANSACTION | |
| control field | 20151217152030.0 |
| 008 - FIXED-LENGTH DATA ELEMENTS--GENERAL INFORMATION | |
| fixed length control field | 080116s xx 000 0 eng d |
| 020 ## - INTERNATIONAL STANDARD BOOK NUMBER | |
| International Standard Book Number | 0938785079 : |
| Terms of availability | KES |
| 040 ## - CATALOGING SOURCE | |
| Original cataloging agency | KABU |
| Transcribing agency | KABU |
| 111 2# - MAIN ENTRY--MEETING NAME | |
| Meeting name or jurisdiction name as entry element | International Shelter Conference |
| Location of meeting | Washington, D. C : |
| Date of meeting | 1990 : |
| Number of part/section/meeting | 3rd. |
| -- | 0000158588 |
| 245 10 - TITLE STATEMENT | |
| Title | Housing for all : |
| Remainder of title | conclusions and recommendations. |
| 260 ## - PUBLICATION, DISTRIBUTION, ETC. (IMPRINT) | |
| Place of publication, distribution, etc. | Washington, D. C. : |
| Name of publisher, distributor, etc. | REALTORS, |
| Date of publication, distribution, etc. | 2005. |
| 300 ## - PHYSICAL DESCRIPTION | |
| Extent | 92 p. |
| 650 #0 - SUBJECT ADDED ENTRY--TOPICAL TERM | |
| Topical term or geographic name as entry element | Housing policy |
| Form subdivision | Congresses. |
| -- | 0000158589 |
| 908 ## - PUT COMMAND PARAMETER (RLIN) | |
| Put command parameter | 080116 |
| 950 ## - LOCAL HOLDINGS (RLIN) | |
| -- | 1 |
| Withdrawn status | Lost status | Source of classification or shelving scheme | Not for loan | Home library | Current library | Date acquired | Total Checkouts | Full call number | Barcode | Date last seen | Price effective from | Koha item type |
|---|---|---|---|---|---|---|---|---|---|---|---|---|
| Library of Congress Classification | Kabarak, Main Campus | Kabarak, Main Campus | 17/12/2015 | HD7286 .I58 | 011871 | 02/08/2024 | 17/12/2015 | General Collection |